Cambridge international AS and A level business studies.(2nd ed.) (Record no. 78011)

MARC details
000 -LEADER
fixed length control field 01244nam a2200229 a 4500
008 - FIXED-LENGTH DATA ELEMENTS--GENERAL INFORMATION
fixed length control field 150429s2010 ||||||||||||||||| || u
020 ## - INTERNATIONAL STANDARD BOOK NUMBER
International Standard Book Number 9780521126564
050 ## - LIBRARY OF CONGRESS CALL NUMBER
Classification number HF 5351 Sti
100 ## - MAIN ENTRY--PERSONAL NAME
Personal name Stimpson, Peter
245 10 - TITLE STATEMENT
Title Cambridge international AS and A level business studies.(2nd ed.)
Statement of responsibility, etc. by Peter Stimpson and Alastair Farquharson
250 ## - EDITION STATEMENT
Edition statement 2nd ed.
260 ## - PUBLICATION, DISTRIBUTION, ETC.
Place of publication, distribution, etc. Cambridge
Name of publisher, distributor, etc. Cambridge University Pres
Date of publication, distribution, etc. 2010
300 ## - PHYSICAL DESCRIPTION
Extent vii, 680p.: ill.
350 ## -
-- 35.24
500 ## - GENERAL NOTE
General note accompanied by a CD-ROM
650 #0 - SUBJECT ADDED ENTRY--TOPICAL TERM
Topical term or geographic name entry element BUSINESS
650 ## - SUBJECT ADDED ENTRY--TOPICAL TERM
Topical term or geographic name entry element BUSINESS--PROBLEMS, EXERCISES, ETC
995 ## -
-- MAIN LIBRARY OPEN ACCESS
-- 745231
-- CBU-MAIN LIBRARY (Kitwe)
-- 35.24
-- HF 5351 Sti
-- 2
-- AVAILABLE
-- May 7, 2015
-- 745231
-- Main Library Open Access Collection
995 ## -
-- ANNEX COLLECTION (Main Library)
-- 745233
-- CBU-MAIN LIBRARY (Kitwe)
-- 35.24
-- HF 5351 Sti
-- 4
-- AVAILABLE
-- May 7, 2015
-- 745233
-- Annex Low-Usage Collection
995 ## -
-- ANNEX COLLECTION (Main Library)
-- 745230
-- CBU-MAIN LIBRARY (Kitwe)
-- 35.24
-- HF 5351 Sti
-- 1
-- AVAILABLE
-- May 7, 2015
-- 745230
-- Annex Low-Usage Collection
995 ## -
-- MAIN LIBRARY OPEN ACCESS
-- 745232
-- CBU-MAIN LIBRARY (Kitwe)
-- 35.24
-- HF 5351 Sti
-- 3
-- AVAILABLE
-- May 7, 2015
-- 745232
-- Main Library Open Access Collection
999 ## -
-- 78011
-- 78011
Holdings
Withdrawn status Lost status Source of classification or shelving scheme Damaged status Not for loan Permanent Location Current Location Shelving location Date acquired Total Checkouts Full call number Barcode Date last seen Copy number Price effective from Koha item type
          CBU-MAIN LIBRARY, KITWE. CBU-MAIN LIBRARY, KITWE.   05/03/2023   HF 5351 Sti 745231 05/03/2023 1 05/03/2023 MONOGRAPH
          CBU-MAIN LIBRARY, KITWE. CBU-MAIN LIBRARY, KITWE.   05/03/2023   HF 5351 Sti 745233 05/03/2023 2 05/03/2023 MONOGRAPH
          CBU-MAIN LIBRARY, KITWE. CBU-MAIN LIBRARY, KITWE.   05/03/2023   HF 5351 Sti 745230 05/03/2023 3 05/03/2023 MONOGRAPH
          CBU-MAIN LIBRARY, KITWE. CBU-MAIN LIBRARY, KITWE.   05/03/2023   HF 5351 Sti 745232 05/03/2023   05/03/2023 MONOGRAPH